000
00228nam a2200097Ia 4500
008
230907s9999||||xx |||||||||||||| ||und||
082
_a
307.1216
_b
PLA
245
0
_a
Planning for climate change :
300
_a
391 p.
942
_c
BK
999
_c
600454
_d
600454